[Event "Northumbria Masters 2018"]
[Site "Newcastle ENG"]
[Date "2018.02.16"]
[Round "5.4"]
[White "Percivaldi, Martin"]
[Black "Gormally, Daniel W"]
[Result "1-0"]
[WhiteTitle "IM"]
[BlackTitle "GM"]
[WhiteElo "2395"]
[BlackElo "2483"]
[WhiteFideId "1508148"]
[BlackFideId "406465"]
[EventDate "2018.02.14"]

1. Nf3 Nf6 2. c4 e6 3. g3 b6 4. Bg2 Bb7 5. O-O c5 6. Nc3 Be7 7. d4 cxd4 8. Qxd4
O-O 9. Rd1 Nc6 10. Qf4 a6 11. b3 b5 12. Bb2 bxc4 13. bxc4 Na5 14. Na4 Bc6 15. c5
Nb7 16. Nb6 Rb8 17. Ne5 Bb5 18. Nbxd7 Bxd7 19. Nxd7 Nxd7 20. c6 Bg5 21. Qg4 Nbc5
22. Bd4 Qe7 23. cxd7 Nxd7 24. Bxg7 Kxg7 25. h4 Ne5 26. Qxg5+ Qxg5 27. hxg5 Rb2
28. Bf1 Rfb8 29. Rd4 R8b4 30. Rxb4 Rxb4 31. Rc1 Ra4 32. Rc2 Nc4 33. e3 Na3 34.
Rc6 Nb5 35. Bc4 Ra3 36. Bb3 a5 37. Rc4 Nd6 38. Rd4 Nb5 39. Rd3 h6 40. gxh6+ Kxh6
41. Kg2 a4 42. Bc4 Rxd3 43. Bxd3 Nc3 44. a3 Kg5 45. e4 Na2 46. Kf3 Nc1 47. Bb5
Nb3 48. Bxa4 Nd2+ 49. Ke2 Nc4 50. Bb5 Nxa3 51. Bd3 e5 52. Kf3 f6 53. Kg2 Kg6 54.
Kh3 Kg5 55. f3 Kh6 56. Kh4 Kg6 57. Kg4 Kg7 58. Kf5 Kf7 59. g4 1-0

[Event "Northumbria Masters 2018"]
[Site "Newcastle ENG"]
[Date "2018.02.16"]
[Round "5.5"]
[White "Gourlay, Iain"]
[Black "Nasuta, Grzegorz"]
[Result "1/2-1/2"]
[WhiteTitle "FM"]
[BlackTitle "IM"]
[WhiteElo "2371"]
[BlackElo "2454"]
[WhiteFideId "2401533"]
[BlackFideId "1141686"]
[EventDate "2018.02.14"]

1. c4 e5 2. g3 Nf6 3. Bg2 d5 4. cxd5 Nxd5 5. Nc3 Nb6 6. Nf3 Nc6 7. O-O Be7 8.
Rb1 a5 9. d3 Be6 10. Be3 O-O 11. Rc1 Ra6 12. d4 exd4 13. Nxd4 Nxd4 14. Bxd4 c6
15. b3 Qc8 16. Qc2 a4 17. Be4 f5 18. Bd3 axb3 19. axb3 c5 20. Be3 c4 21. bxc4
Nxc4 22. Nd5 Bxd5 1/2-1/2

[Event "Northumbria Masters 2018"]
[Site "Newcastle ENG"]
[Date "2018.02.16"]
[Round "5.6"]
[White "Merry, Alan B"]
[Black "Welling, Gerard"]
[Result "1-0"]
[WhiteTitle "IM"]
[BlackTitle "IM"]
[WhiteElo "2438"]
[BlackElo "2320"]
[WhiteFideId "418811"]
[BlackFideId "1000446"]
[EventDate "2018.02.14"]

1. e4 c6 2. d4 d5 3. Nd2 dxe4 4. Nxe4 Nf6 5. Nxf6+ exf6 6. c3 Bd6 7. Bd3 O-O 8.
Ne2 Re8 9. Qc2 Kh8 10. O-O Qc7 11. h3 f5 12. Re1 g6 13. c4 Na6 14. a3 Bd7 15. b4
Bf8 16. Bf4 Qd8 17. Be5+ f6 18. Bf4 Nc7 19. Bd2 Be6 20. a4 Bf7 21. Bc3 Kg8 22.
Qb2 Qd6 23. b5 Rad8 24. Rad1 Ne6 25. d5 cxd5 26. Bxf6 dxc4 27. Bxd8 cxd3 28. Ba5
b6 29. Bc3 Nc5 30. Qb1 Bb3 31. Nc1 Rxe1+ 32. Rxe1 Bc4 33. Qb4 Qd5 34. Re8 Qf7
35. Rd8 h5 36. Bd2 1-0

[Event "Northumbria Masters 2018"]
[Site "Newcastle ENG"]
[Date "2018.02.16"]
[Round "5.7"]
[White "Abdulla, Murad"]
[Black "Hunt, Adam C"]
[Result "1/2-1/2"]
[WhiteTitle "FM"]
[BlackTitle "IM"]
[WhiteElo "2260"]
[BlackElo "2416"]
[WhiteFideId "2403757"]
[BlackFideId "403970"]
[EventDate "2018.02.14"]

1. e4 c5 2. Nf3 d6 3. d4 cxd4 4. Nxd4 Nf6 5. Nc3 a6 6. Be3 e5 7. Nf3 Be7 8. Bc4
O-O 9. O-O h6 10. Nh4 Be6 11. Bxe6 fxe6 12. Ng6 Re8 13. Qd3 Kh7 14. Nxe7 Qxe7
15. Rad1 Rd8 16. Na4 Nc6 17. Nb6 Rab8 18. Nc4 b5 19. Nxd6 Qc7 20. Bc5 Nd7 21.
Qe3 Nxc5 22. Qxc5 Rd7 23. Rd2 Rbd8 24. Rfd1 Nd4 25. Qxc7 Rxc7 26. c3 Rxd6 27.
cxd4 exd4 28. f4 a5 29. Kf2 a4 30. Kf3 Rc4 31. e5 Rd7 32. g3 Rb4 33. Ke4 Kg6 34.
Rc1 d3+ 35. Ke3 Kf5 36. Rc3 g5 37. fxg5 hxg5 38. Rcxd3 Rxd3+ 39. Kxd3 Kxe5 40.
Re2+ Kd5 41. h3 e5 42. Rh2 Rd4+ 43. Ke3 Re4+ 44. Kf3 Rc4 45. h4 g4+ 46. Ke3 Re4+
47. Kd3 Rd4+ 48. Ke3 Re4+ 49. Kd3 Rd4+ 50. Ke3 Re4+ 51. Kd3 1/2-1/2

[Event "Northumbria Masters 2018"]
[Site "Newcastle ENG"]
[Date "2018.02.16"]
[Round "5.8"]
[White "Eggleston, David J"]
[Black "Macklin, Paul"]
[Result "1/2-1/2"]
[WhiteTitle "IM"]
[WhiteElo "2409"]
[BlackElo "2307"]
[WhiteFideId "412120"]
[BlackFideId "455865"]
[EventDate "2018.02.14"]

1. e4 g6 2. d4 Bg7 3. Nc3 c6 4. Nf3 d6 5. Be3 Nf6 6. Qd2 Qa5 7. h3 e5 8. Bd3
Nbd7 9. O-O Qc7 10. a4 O-O 11. a5 exd4 12. Nxd4 Nc5 13. Bh6 Re8 14. Rfe1 Bh8 15.
Nf3 Bd7 16. Ng5 Ne6 17. Nf3 Nc5 18. Qf4 Ne6 19. Qh2 Rad8 20. Nd2 Bc8 21. Nc4 d5
22. exd5 Qxh2+ 23. Kxh2 Nxd5 24. Ne4 Bg7 25. Bxg7 Kxg7 26. Ned6 Re7 27. Be4 Nc5
28. Bxd5 Rxe1 29. Rxe1 cxd5 30. Nxc8 Rxc8 31. Nd6 Rc6 32. Nb5 Ne6 33. Re2 a6 34.
Nc3 Rc5 35. Re5 Rxa5 36. Rxd5 Rxd5 37. Nxd5 f6 38. Kg3 Kf7 39. c4 Nd4 40. Kf4
Ke6 41. Ke4 Nb3 42. f4 a5 43. Kd3 g5 44. Kc3 Nc5 45. Kd4 Nb3+ 46. Ke3 h5 47. Nc3
gxf4+ 48. Kxf4 Nd2 49. c5 Nc4 50. Na4 Kd5 51. g4 hxg4 52. Kxg4 Ne5+ 53. Kf5 Nf3
54. b3 Kc6 55. Kf4 Ne5 56. Kf5 Nf3 57. Kxf6 Kb5 58. Kf5 Kb4 59. Kf4 Nh4 60. Ke5
Kxb3 61. Nb6 a4 62. Nxa4 Kxa4 63. Kd6 Kb5 64. Kc7 Kxc5 1/2-1/2

[Event "Northumbria Masters 2018"]
[Site "Newcastle ENG"]
[Date "2018.02.16"]
[Round "5.9"]
[White "Lalic, Bogdan"]
[Black "Berry, Neil"]
[Result "1/2-1/2"]
[WhiteTitle "GM"]
[BlackTitle "FM"]
[WhiteElo "2401"]
[BlackElo "2267"]
[WhiteFideId "409081"]
[BlackFideId "2400650"]
[EventDate "2018.02.14"]

1. c4 e6 2. Nc3 d5 3. d4 Bb4 4. e3 Nf6 5. a3 Bxc3+ 6. bxc3 c6 7. a4 O-O 8. Nf3
b6 9. Ba3 Re8 10. Bd3 Ba6 11. cxd5 cxd5 12. Bxa6 Nxa6 13. Qd3 Nb8 14. c4 Nc6 15.
O-O Na5 16. Nd2 1/2-1/2

[Event "Northumbria Masters 2018"]
[Site "Newcastle ENG"]
[Date "2018.02.16"]
[Round "5.11"]
[White "Derakhshani, Borna"]
[Black "Bukojemski, Adam"]
[Result "1-0"]
[WhiteTitle "FM"]
[WhiteElo "2317"]
[BlackElo "2222"]
[WhiteFideId "12518450"]
[BlackFideId "1114620"]
[EventDate "2018.02.14"]

1. d4 Nf6 2. Bf4 g6 3. Nc3 Bg7 4. Qd2 c5 5. dxc5 Qa5 6. f3 Qxc5 7. e4 d6 8.
O-O-O Nc6 9. Na4 Qa5 10. Qxa5 Nxa5 11. Nc3 Bd7 12. Nd5 Rc8 13. Bd3 Nc4 14. c3 b5
15. Ne2 Nxd5 16. exd5 O-O 17. Rhe1 b4 18. Bxc4 Rxc4 19. b3 Rc7 20. c4 Ra8 21.
Nd4 Kf8 22. Bg5 Be8 23. Re4 h6 24. Bh4 a5 25. Rde1 a4 26. Rxe7 axb3 27. axb3
Ra1+ 28. Kc2 Rxe1 29. Rxc7 Re3 30. Nc6 Bc3 31. Re7 Be5 32. Nxe5 dxe5 33. Bf6
Re2+ 34. Kd3 Rb2 35. d6 Rxb3+ 36. Kd2 Rb2+ 37. Kc1 1-0

[Event "Northumbria Masters 2018"]
[Site "Newcastle ENG"]
[Date "2018.02.16"]
[Round "5.12"]
[White "Longson, Alexander"]
[Black "Asenov, Pavel"]
[Result "1-0"]
[WhiteTitle "FM"]
[WhiteElo "2307"]
[BlackElo "2187"]
[WhiteFideId "408093"]
[BlackFideId "433705"]
[EventDate "2018.02.14"]

1. e4 e5 2. Nf3 Nc6 3. Bb5 d6 4. d4 exd4 5. Nxd4 Bd7 6. Nc3 g6 7. Be3 Bg7 8. Qd2
Nf6 9. f3 O-O 10. Bxc6 bxc6 11. O-O-O Re8 12. g4 a5 13. Nde2 a4 14. g5 Nh5 15.
a3 Qb8 16. Kb1 Qb7 17. Ka1 Reb8 18. Rb1 c5 19. Bxc5 dxc5 20. Qxd7 Rd8 21. Qb5
Qxb5 22. Nxb5 Rd2 23. Nbc3 Rxc2 24. Rbc1 Rd2 25. Rcd1 Rad8 26. Rxd2 Rxd2 27. Rd1
Bxc3 28. Nxc3 Rxh2 29. Nxa4 Rg2 30. Nxc5 Rxg5 31. b4 Nf4 32. a4 Re5 33. Rd8+ Kg7
34. a5 c6 35. a6 Re7 36. Nb7 Ne6 37. Rc8 Rc7 38. Re8 Rd7 39. Rxe6 Rd1+ 40. Kb2
Rd2+ 41. Kc3 Ra2 42. Na5 fxe6 43. a7 1-0

[Event "Northumbria Masters 2018"]
[Site "Newcastle ENG"]
[Date "2018.02.16"]
[Round "5.13"]
[White "Muir, Andrew J"]
[Black "Player, Edmund C"]
[Result "1-0"]
[WhiteTitle "IM"]
[WhiteElo "2286"]
[BlackElo "2172"]
[WhiteFideId "2400138"]
[BlackFideId "406520"]
[EventDate "2018.02.14"]

1. d4 Nf6 2. c4 g6 3. Nc3 d5 4. cxd5 Nxd5 5. e4 Nxc3 6. bxc3 Bg7 7. Nf3 O-O 8.
Be2 c5 9. Rb1 b6 10. O-O Qc7 11. Bg5 Bb7 12. d5 Bxc3 13. Bc4 Re8 14. Qd3 Bg7 15.
Rfe1 Qc8 16. e5 e6 17. Bf6 exd5 18. Bxd5 Bxd5 19. Qxd5 Qc6 20. Qc4 Bxf6 21. exf6
Nd7 22. Re7 Rxe7 23. fxe7 Qe6 24. Qxe6 fxe6 25. Rd1 Kf7 26. Rxd7 Ke8 27. Rc7 b5
28. Ng5 1-0

[Event "Northumbria Masters 2018"]
[Site "Newcastle ENG"]
[Date "2018.02.16"]
[Round "5.14"]
[White "Tavoularis, Nicholas"]
[Black "Greet, Andrew N"]
[Result "1-0"]
[BlackTitle "IM"]
[WhiteElo "2168"]
[BlackElo "2458"]
[WhiteFideId "4205596"]
[BlackFideId "405817"]
[EventDate "2018.02.14"]

1. Nf3 d5 2. c4 d4 3. b4 g6 4. Bb2 Bg7 5. g3 e5 6. d3 Ne7 7. Nbd2 O-O 8. Bg2 a5
9. a3 Na6 10. b5 Nc5 11. a4 Re8 12. Ba3 Ne6 13. Nb3 f5 14. O-O c6 15. Nfd2 Qc7
16. Rb1 Bd7 17. b6 Qd8 18. Qc2 h5 19. Nc5 Nxc5 20. Bxc5 f4 21. Ne4 Nf5 22. Qc1
Bh6 23. Qa3 Re6 24. Bh3 Kh7 25. Kh1 Re8 26. Bg2 Rf8 27. Bd6 Nxd6 28. Qxd6 Bg4
29. Bf3 Qxd6 30. Nxd6 Rab8 31. Bxg4 hxg4 32. f3 gxf3 33. Rxf3 g5 34. g4 Kg6 35.
Kg2 Bg7 36. Rh3 Bf6 37. Nf5 Rh8 38. Rxh8 Rxh8 39. Nd6 Rh7 40. c5 Rd7 41. Nc4 Kf7
42. Nxa5 Ke6 43. Nxc6 Kd5 44. Na5 Kxc5 45. Rb5+ Kd6 46. Nc4+ Ke6 47. a5 e4 48.
dxe4 d3 49. exd3 Rxd3 50. a6 Bd4 51. Rb1 f3+ 52. Kf1 Be5 53. a7 Rd8 54. Nd2 Kd6
55. Nxf3 Kc6 56. Nxe5+ 1-0

[Event "Northumbria Masters 2018"]
[Site "Newcastle ENG"]
[Date "2018.02.16"]
[Round "5.15"]
[White "Longson, Sarah N"]
[Black "Britton, Richard L"]
[Result "0-1"]
[WhiteTitle "WFM"]
[BlackTitle "FM"]
[WhiteElo "2124"]
[BlackElo "2255"]
[WhiteFideId "2501465"]
[BlackFideId "401692"]
[EventDate "2018.02.14"]

1. e4 c5 2. Nc3 Nc6 3. g3 g6 4. Bg2 Bg7 5. d3 d6 6. Be3 Rb8 7. Qd2 b5 8. Nf3 b4
9. Nd1 a5 10. O-O Qb6 11. Ne1 Nf6 12. Bh6 O-O 13. Bxg7 Kxg7 14. Ne3 Ba6 15. Kh1
a4 16. f4 e6 17. g4 h5 18. Qf2 hxg4 19. e5 Nd7 20. Nxg4 c4 21. Qg3 Nd4 22. Ne3
Nf5 23. Nxf5+ exf5 24. dxc4 Bxc4 25. Nd3 Bxd3 26. Qxd3 Rfd8 27. exd6 Nf6 28.
Rad1 Rd7 29. Qd4 Qxd4 30. Rxd4 Rb6 31. c3 bxc3 32. bxc3 Rdxd6 33. Rxa4 Rb2 34.
Rd4 Re6 35. Bf3 Rxa2 36. Rfd1 Rc2 37. R4d3 Ne4 38. Bxe4 fxe4 39. Re3 f5 40. Rde1
Rc6 41. R1e2 Rxe2 42. Rxe2 Rxc3 43. Rf2 g5 44. fxg5 Kg6 45. h4 Rh3+ 46. Rh2
Rxh2+ 47. Kxh2 f4 48. Kg2 Kf5 49. Kf2 Kg6 50. Kg2 e3 51. Kf3 Kf5 52. Ke2 Ke4 53.
g6 f3+ 54. Ke1 Kd3 55. Kf1 e2+ 56. Kf2 Kd2 57. g7 e1=Q+ 58. Kxf3 Qg1 0-1

[Event "Northumbria Masters 2018"]
[Site "Newcastle ENG"]
[Date "2018.02.16"]
[Round "5.16"]
[White "House, Glenn L"]
[Black "White, Stuart A"]
[Result "1/2-1/2"]
[WhiteTitle "FM"]
[WhiteElo "2214"]
[BlackElo "2107"]
[WhiteFideId "406228"]
[BlackFideId "407747"]
[EventDate "2018.02.14"]

1. Nf3 d5 2. g3 Bg4 3. Bg2 Nd7 4. O-O Ngf6 5. d3 e5 6. Nbd2 Bd6 7. h3 Bh5 8. e4
c6 9. exd5 cxd5 10. c4 O-O 11. cxd5 Nxd5 12. Qb3 N5f6 13. Nc4 Bc7 14. Qxb7 Nc5
15. Qc6 Nxd3 16. Bg5 Rc8 17. Bxf6 gxf6 18. Rad1 Bb6 19. Qe4 Bg6 20. Qh4 e4 21.
Nxb6 exf3 22. Nxc8 fxg2 23. Kxg2 Qd5+ 24. Kg1 Rxc8 25. Qxf6 Rc6 26. Qe7 Re6 27.
Qxa7 Qf3 28. Kh2 Re2 29. Rxd3 Bxd3 30. Qa4 h5 31. Qf4 Qxf4 32. gxf4 Rxb2 33.
Rg1+ Kh7 34. Rg5 Kh6 35. Kg3 Rxa2 36. Rd5 Be2 37. Re5 Kg6 38. f3 Bd1 39. Rg5+
Kh6 40. Rd5 Be2 41. Re5 f6 42. Re3 Bf1 43. Re1 Rg2+ 44. Kh4 Be2 45. f5 Kg7 46.
f4 Rf2 47. Kg3 Rf3+ 48. Kg2 Rxf4 49. Rxe2 Rxf5 50. Kg3 Kg6 51. Re8 Ra5 52. Rg8+
Kf7 53. Rh8 Kg7 54. Rb8 Ra4 55. Rc8 h4+ 56. Kf3 Kg6 57. Rh8 Kg5 58. Rg8+ Kf5 59.
Rh8 Ra3+ 60. Kg2 Ra2+ 61. Kf3 Ra3+ 62. Kg2 1/2-1/2

[Event "Northumbria Masters 2018"]
[Site "Newcastle ENG"]
[Date "2018.02.16"]
[Round "5.17"]
[White "Kalaiyalahan, Akshaya"]
[Black "Townsend, M Paul"]
[Result "0-1"]
[WhiteTitle "FM"]
[WhiteElo "2136"]
[BlackElo "2214"]
[WhiteFideId "422894"]
[BlackFideId "402320"]
[EventDate "2018.02.14"]

1. d4 Nf6 2. c4 e6 3. Nf3 d5 4. g3 Be7 5. Bg2 O-O 6. Qc2 c6 7. O-O b6 8. Nbd2
Bb7 9. e4 Na6 10. e5 Nd7 11. cxd5 Nb4 12. Qd1 Nxd5 13. Ne4 h6 14. a3 c5 15. dxc5
Nxc5 16. Nxc5 Bxc5 17. b4 Be7 18. Bb2 Rc8 19. Re1 a5 20. bxa5 bxa5 21. Qd3 Nc3
22. Qxd8 Rfxd8 23. a4 Bb4 24. Nh4 Ba6 25. Bf1 Bxf1 26. Kxf1 Rd2 27. Ba3 Nd5 28.
Nf3 Rd3 29. Bxb4 Nxb4 30. Ng1 Rd2 31. Re2 Rcc2 32. Rxd2 Rxd2 33. Ne2 Rb2 34. Nc1
g5 35. h3 Kg7 36. Kg2 Kg6 37. Ra3 Rc2 38. Ra1 Rc5 39. Nb3 Rxe5 40. Rc1 Nd3 41.
Rc3 Nb2 42. Rc5 Rxc5 43. Nxc5 Kf5 44. Nb3 Nc4 45. Kf3 h5 46. Nc5 g4+ 47. hxg4+
hxg4+ 48. Ke2 Ke5 49. Kd3 Kd5 50. Nb3 e5 51. Kc3 f5 52. Nc1 Nb6 53. Nb3 Nxa4+
54. Kd2 Nb6 55. Nxa5 Nc4+ 56. Nxc4 Kxc4 57. Ke3 Kc3 58. Ke2 Kd4 59. Kd2 e4 60.
Ke2 e3 61. fxe3+ Ke4 62. Kf2 Kd3 0-1

[Event "Northumbria Masters 2018"]
[Site "Newcastle ENG"]
[Date "2018.02.16"]
[Round "5.18"]
[White "Pritchett, Craig W"]
[Black "Han, Yichen"]
[Result "1-0"]
[WhiteTitle "IM"]
[WhiteElo "2275"]
[BlackElo "1998"]
[WhiteFideId "2400065"]
[BlackFideId "1054430"]
[EventDate "2018.02.14"]

1. Nf3 Nf6 2. c4 g6 3. Nc3 Bg7 4. e4 d6 5. d4 O-O 6. Be2 e5 7. O-O Nc6 8. d5 Ne7
9. Ne1 Nd7 10. Be3 f5 11. f3 f4 12. Bf2 g5 13. Rc1 Rf6 14. c5 Rh6 15. cxd6 cxd6
16. Nb5 Qe8 17. g4 fxg3 18. Bxg3 Qf7 19. Nc7 Rb8 20. Ne6 Nf6 21. Qa4 Ra8 22. Nc7
Bd7 23. Bb5 Bxb5 24. Qxb5 Rc8 25. Ng2 Nh5 26. Qd7 Nf4 27. Bxf4 exf4 28. Ne6 Re8
29. Nxg7 Kxg7 30. Rc7 Kf8 31. h3 Qf6 32. Rxb7 Ng6 33. Qf5 Qxf5 34. exf5 Ne5 35.
h4 Rc8 36. hxg5 Rh5 37. Nxf4 Rxg5+ 38. Kf2 Rxf5 39. Ne6+ Kg8 40. f4 Ng4+ 41. Kf3
Nh2+ 42. Ke4 Nxf1 43. Kxf5 Ng3+ 44. Kf6 Ne4+ 45. Ke7 Nc5 46. Nxc5 Rxc5 47. Kxd6
Rc4 48. f5 h5 49. b3 Rc2 50. Rxa7 h4 51. Ra4 h3 52. Rh4 Rxa2 53. Rxh3 Rf2 54. b4
Rxf5 55. b5 1-0

[Event "Northumbria Masters 2018"]
[Site "Newcastle ENG"]
[Date "2018.02.16"]
[Round "5.19"]
[White "Turner, Max N"]
[Black "Kanakova, Natalie"]
[Result "0-1"]
[BlackTitle "WFM"]
[WhiteElo "1933"]
[BlackElo "2245"]
[WhiteFideId "447722"]
[BlackFideId "350486"]
[EventDate "2018.02.14"]

1. d4 Nf6 2. c4 e6 3. Nf3 Bb4+ 4. Bd2 Bxd2+ 5. Qxd2 d5 6. e3 O-O 7. Nc3 Qe7 8.
Be2 Rd8 9. O-O dxc4 10. Bxc4 c5 11. Qe2 cxd4 12. Nxd4 e5 13. Nc2 Nc6 14. Bb5 Bd7
15. Rfd1 a6 16. Bxc6 Bxc6 17. e4 Qe6 18. Rd3 Rxd3 19. Qxd3 Nd7 20. b3 Rc8 21.
Rd1 Nc5 22. Qe3 Be8 23. f3 Nxb3 24. Rd5 Nc1 25. Na3 Rxc3 0-1

[Event "Northumbria Masters 2018"]
[Site "Newcastle ENG"]
[Date "2018.02.16"]
[Round "5.20"]
[White "Younger, Mark"]
[Black "Gayson, Peter M"]
[Result "0-1"]
[WhiteElo "1720"]
[BlackElo "2151"]
[WhiteFideId "454354"]
[BlackFideId "401838"]
[EventDate "2018.02.14"]

1. d4 f5 2. Nc3 d5 3. Bg5 g6 4. e3 Bg7 5. Bd3 Nf6 6. Nf3 Nbd7 7. h4 c6 8. h5 Ne4
9. Bxe4 fxe4 10. Nd2 h6 11. hxg6 hxg5 12. Rxh8+ Bxh8 13. g7 Bxg7 14. Qh5+ Kf8
15. Ncxe4 dxe4 16. Nxe4 Nf6 17. Nxf6 exf6 18. O-O-O Qd5 19. g4 Qg2 20. Qg6 Bxg4 0-1

[Event "Northumbria Masters 2018"]
[Site "Newcastle ENG"]
[Date "2018.02.16"]
[Round "5.21"]
[White "Izod, Chris"]
[Black "Dunn, Alan"]
[Result "1-0"]
[WhiteElo "1882"]
[BlackElo "2046"]
[WhiteFideId "429716"]
[BlackFideId "4300858"]
[EventDate "2018.02.14"]

1. d4 Nf6 2. Nf3 g6 3. c4 Bg7 4. Nc3 d6 5. e4 O-O 6. Be2 e5 7. d5 a5 8. Bg5 h6
9. Bh4 Nbd7 10. Nd2 Nc5 11. O-O c6 12. Qc2 g5 13. Bg3 h5 14. f3 cxd5 15. cxd5
Ne8 16. a3 a4 17. b4 axb3 18. Nxb3 Nxb3 19. Qxb3 g4 20. Na4 Rxa4 21. Qxa4 h4 22.
Bf2 h3 23. fxg4 hxg2 24. Rfc1 Qg5 25. Rxc8 1-0

[Event "Northumbria Masters 2018"]
[Site "Newcastle ENG"]
[Date "2018.02.16"]
[Round "5.23"]
[White "Kane, Robert"]
[Black "Nandi, Robin J"]
[Result "1-0"]
[WhiteElo "1900"]
[BlackElo "1815"]
[WhiteFideId "420468"]
[BlackFideId "434604"]
[EventDate "2018.02.14"]

1. d4 Nf6 2. c4 e6 3. Nc3 Bb4 4. e3 c5 5. a3 Bxc3+ 6. bxc3 Nc6 7. d5 Na5 8. Bd3
O-O 9. e4 exd5 10. cxd5 Nxe4 11. Ne2 Re8 12. O-O d6 13. Ng3 Nxg3 14. fxg3 Re5
15. c4 b5 16. Bb2 Nxc4 17. Qf3 Rf5 18. Bxf5 Bxf5 19. Qxf5 Nxb2 20. Qxf7+ Kh8 21.
Rae1 a5 22. Re7 Qg8 23. Ra7 Rc8 24. Qe7 Nd3 25. Qxd6 c4 26. Raf7 Qxf7 27. Rxf7 1-0

[Event "Northumbria Masters 2018"]
[Site "Newcastle ENG"]
[Date "2018.02.17"]
[Round "6.1"]
[White "Plat, Vojtech"]
[Black "Vakhidov, Jakhongir"]
[Result "1/2-1/2"]
[WhiteTitle "GM"]
[BlackTitle "GM"]
[WhiteElo "2560"]
[BlackElo "2532"]
[WhiteFideId "325740"]
[BlackFideId "14201801"]
[EventDate "2018.02.14"]

1. e4 c5 2. Nf3 Nc6 3. d4 cxd4 4. Nxd4 g6 5. Nc3 Bg7 6. Be3 Nf6 7. Bc4 O-O 8.
Bb3 d6 9. h3 Na5 10. Qd2 a6 11. Bh6 b5 12. Bxg7 Kxg7 13. Bd5 Nxd5 14. Nxd5 Nc4
15. Qc3 e5 16. Nc6 Qh4 17. O-O-O Bb7 18. Nce7 Bxd5 19. Nxd5 Qxf2 20. b3 Nb6 21.
Ne3 Rac8 22. Qd3 Rc6 23. Kb1 Qf6 24. Rhf1 Qe6 25. Nd5 f5 26. Nb4 fxe4 27. Qe3
Nd5 28. Nxd5 Rxf1 29. Rxf1 Qxd5 30. Qa7+ Kh6 31. Qb8 Qc5 32. Qf8+ Kh5 33. g4+
Kh4 34. Qh6+ Kg3 35. Qd2 Kh4 36. Qh6+ Kg3 37. Qd2 Kh4 38. Qh6+ Kg3 1/2-1/2

[Event "Northumbria Masters 2018"]
[Site "Newcastle ENG"]
[Date "2018.02.17"]
[Round "6.2"]
[White "Raetsky, Alexander"]
[Black "Tan, Justin2"]
[Result "1/2-1/2"]
[WhiteTitle "GM"]
[BlackTitle "IM"]
[WhiteElo "2362"]
[BlackElo "2479"]
[WhiteFideId "4103203"]
[BlackFideId "3206882"]
[EventDate "2018.02.14"]

1. d4 Nf6 2. c4 e6 3. g3 c5 4. Nf3 cxd4 5. Nxd4 d5 6. Bg2 e5 7. Nf3 d4 8. O-O
Nc6 9. e3 Bc5 10. exd4 exd4 11. Bg5 O-O 12. Nbd2 h6 13. Bxf6 Qxf6 14. Ne4 Qe7
15. Nxc5 Qxc5 16. Qb3 Be6 17. Rac1 Rab8 18. Qb5 b6 19. a3 a5 20. Rfd1 Rfd8 21.
h3 d3 22. Rc3 Bf5 23. Nh4 Nd4 24. Qxc5 bxc5 25. Nxf5 Nxf5 26. Rcxd3 Nd4 27. R1d2
Rb6 28. Bd5 Kf8 29. b4 axb4 30. axb4 Rxb4 31. Ra2 Nc6 32. Re3 Ne7 33. Ra7 Nxd5
34. cxd5 Rb6 35. Rc7 c4 36. Rxc4 Rbd6 37. Rc5 1/2-1/2

[Event "Northumbria Masters 2018"]
[Site "Newcastle ENG"]
[Date "2018.02.17"]
[Round "6.7"]
[White "Hunt, Adam C"]
[Black "Muir, Andrew J"]
[Result "1/2-1/2"]
[WhiteTitle "IM"]
[BlackTitle "IM"]
[WhiteElo "2416"]
[BlackElo "2286"]
[WhiteFideId "403970"]
[BlackFideId "2400138"]
[EventDate "2018.02.14"]

1. e4 c5 2. Nf3 Nc6 3. d4 cxd4 4. Nxd4 Nf6 5. Nc3 d6 6. Bg5 e6 7. Qd2 Be7 8.
O-O-O O-O 9. f3 a6 10. h4 Nxd4 11. Qxd4 b5 12. Kb1 Bb7 13. Qd2 Rc8 14. Ne2 Qc7
15. Nd4 Rfd8 16. Bd3 h6 17. Be3 Nd7 18. g4 Ne5 19. Rhg1 d5 20. Qf2 dxe4 21. fxe4
Bc5 22. Nf3 Nxf3 23. Qxf3 Bxe3 24. Qxe3 Qe5 25. Rde1 Rd4 26. Rgf1 Rc7 27. g5 h5
28. Qf3 g6 29. Qf4 Qxf4 30. Rxf4 e5 31. Rf3 Kf8 32. c3 Rd6 33. Kc2 Rcd7 34. Kd2 1/2-1/2

[Event "Northumbria Masters 2018"]
[Site "Newcastle ENG"]
[Date "2018.02.17"]
[Round "6.9"]
[White "Haria, Ravi"]
[Black "Tavoularis, Nicholas"]
[Result "1-0"]
[WhiteTitle "IM"]
[WhiteElo "2376"]
[BlackElo "2168"]
[WhiteFideId "415820"]
[BlackFideId "4205596"]
[EventDate "2018.02.14"]

1. Nf3 Nf6 2. g3 g6 3. Bg2 Bg7 4. d4 O-O 5. c4 d6 6. Nc3 c5 7. O-O Nc6 8. dxc5
dxc5 9. Bf4 Qb6 10. Na4 Qa6 11. Nd2 Qa5 12. Nc3 Nh5 13. Nb3 Qa6 14. Be3 Qxc4 15.
Rc1 Nd4 16. Bxd4 cxd4 17. Nd5 Qa4 18. Qd3 Kh8 19. Nc5 Qa5 20. Nxe7 Re8 21. Nxb7
Qxa2 22. Nd6 Ba6 23. Qxa6 1-0

[Event "Northumbria Masters 2018"]
[Site "Newcastle ENG"]
[Date "2018.02.17"]
[Round "6.10"]
[White "Macklin, Paul"]
[Black "Gourlay, Iain"]
[Result "1-0"]
[BlackTitle "FM"]
[WhiteElo "2307"]
[BlackElo "2371"]
[WhiteFideId "455865"]
[BlackFideId "2401533"]
[EventDate "2018.02.14"]

1. e4 e5 2. Nf3 Nc6 3. Bc4 Nf6 4. d3 Be7 5. O-O O-O 6. Re1 d6 7. c3 Na5 8. Bb5
a6 9. Ba4 b5 10. Bc2 c5 11. Nbd2 Nc6 12. Nf1 h6 13. Ng3 Re8 14. h3 Bf8 15. a3 g6
16. b4 Bb7 17. d4 exd4 18. cxd4 cxb4 19. d5 Ne5 20. axb4 Nxf3+ 21. Qxf3 Rc8 22.
Bb2 Bg7 23. Bd3 Nd7 24. Bxg7 Kxg7 25. Rac1 Qg5 26. Qd1 Ne5 27. Be2 Rxc1 28. Qxc1
Rc8 29. Qb2 Kg8 30. Qd4 Rc2 31. Qb6 Qe7 32. f4 Nc4 33. Bxc4 Rxc4 34. Kh2 Bxd5
35. Rd1 Bxe4 36. Rxd6 Rc8 37. Qd4 Ba8 38. f5 Qb7 39. Qf2 g5 40. Rxh6 Qd5 41.
Rxa6 Rc3 42. Qe2 Bb7 43. Qe8+ Kh7 44. Rh6+ Kxh6 45. Qh8# 1-0